Immediate Family.

שמור ב:
מידע ביבליוגרפי
מחבר ראשי: Mann, Sally (Author)
מחברים אחרים: Price, Reynolds (afterword)
פורמט: ספר
יצא לאור: New York, United States: Aperture Foundation, 1992.
מהדורה:First Edition
נושאים:
תגים: הוספת תג
אין תגיות, היה/י הראשונ/ה לתייג את הרשומה!

MARC

LEADER 00000nam a22000007a 4500
003 CL-VaPUC
005 20250407202443.0
008 250312t1992 ||||| |||| 00| 0 eng d
999 |c 447262  |d 447260 
020 |a 978-0-89381-523-3 
040 |c Pontificia Universidad Católica de Valparaíso 
082 |a 779.25 MAN 1992 
100 |9 896659  |a Mann, Sally  |e author 
245 |a Immediate Family. 
250 |a First Edition 
260 |a New York, United States:  |b Aperture Foundation,  |c 1992. 
300 |a sin numeración:  |b fotografías. 
500 |a c.1. Instituto Arcos.08-01-2025. 
583 |c 20250312  |k Gabriela Rodríguez Cuevas 
650 0 |9 255605  |a Niños  |x Fotografías en blanco y negro 
650 0 |9 268698  |a Fotografía documental   |x Familias 
650 0 |9 327724  |a Fotógrafos estadounidenses  |y Siglo 20 
700 |9 896660  |a Price, Reynolds  |e afterword 
942 |2 ddc  |c BK  |n 0 
952 |0 0  |1 0  |2 ddc  |4 0  |6 779_250000000000000_MAN_1992  |7 0  |8 A  |9 601028  |a BIBINC  |b BIBINC  |d 2025-03-12  |e Instituto Arcos  |i 5665899  |o 779.25 MAN 1992  |p 5665899  |r 2025-03-12  |t 1  |w 2025-03-12  |y BK  |k IFP